Tilastot visalle Köppenin ilmastoluokituksen pääryhmät

Klikkaa tästä pelataksesi tätä visaa!

Yleistilastot

  • Tätä visaa on pelattu 9 kertaa
  • Keskiarvotulos 4 / 5

Vastaustilastot

Ryhmän kirjainRyhmä% Oikein
ATrooppinen
100%
BKuiva
78%
CLauhkea
78%
EJääilmasto
67%
DKylmätalvinen
33%

Tulosjakauma

Persentiili vastausten määrän mukaan

Jokaisen tuloksen saaneiden osuus

Tuloshistoriasi

Et ole pelannut tätä visaa